| 000 | 00862nas a2200289 4500 | ||
|---|---|---|---|
| 001 | BR8003124 | ||
| 003 | BR-BrBNA | ||
| 005 | 20231205084321.0 | ||
| 007 | ta | ||
| 008 | 230509b bl.|||p| |||| 00| 00por d | ||
| 040 |
_aBR-BrBNA _bpor _cBiblioteca Nacional de Agricultura |
||
| 041 | _a(Pt) | ||
| 072 | _aL70 | ||
| 100 | 1 | _aSusko, I. | |
| 100 | 1 | _aCampello, R.A.V. | |
| 100 | 1 | _aSturion, D.J. | |
| 100 | 1 | _aFreitas, L.E.L. de | |
| 100 | 1 | _aPippi, N.L. | |
| 245 | 1 | _aEmprego do Alfatesin associado a prometazina na anestesia endovenosa em caes [Canis familiaris] | |
| 650 | _aVeterinaria | ||
| 650 | _aAnestesia | ||
| 650 | _aCao | ||
| 650 | _aCirurgia | ||
| 773 | 0 |
_tRevista do Setor de Ciencias Agrarias (Brazil) _xISSN 0100-607X _g(Jul 1980), v. 2(2) p. 131-136 _wBR8003124 |
|
| 909 |
_a202311 _bLúcia _c55 _dLúcia Elande |
||
| 942 |
_2AGRIS _n0 _cANA |
||
| 999 |
_c104456 _d104456 |
||